[Event "SE-2014-0-00181"]
[Site "LSS email"]
[Date "2014.11.05"]
[Round "?"]
[White "Shim Ng Min, Francis"]
[Black "Soerensen, Sabrina"]
[Result "1-0"]
[WhiteElo "1109"]
[BlackElo "1164"]
[PlyCount "47"]
[EventDate "2014.09.05"]
[EventType "tourn (corr)"]
[EventRounds "6"]
[EventCountry "GER"]
[SourceTitle "Corr 2015"]
[Source "ChessBase"]
[SourceDate "2015.07.17"]
[SourceVersion "1"]
[SourceVersionDate "2015.07.17"]
[SourceQuality "1"]

1. e4 c5 2. Nf3 d6 3. d4 cxd4 4. Nxd4 e5 5. Nb3 Nf6 6. Nc3 Be7 7. Be2 0-0 8. Be3 Be6 9. Qd2 a5 10. a4 Nc6 11. f3 Nb4 12. 0-0 d5 13. exd5 Nfxd5 14. Nxd5 Nxd5 15. Bf2 Bg5 16. Qe1 Ne3 17. Bxe3 Bxe3+ 18. Kh1 Qg5 19. Bd3 Qh6 20. Qe2 Bf4 21. h3 e4 22. fxe4 Bxh3 23. gxh3 Qxh3+ 24. Kg1 1-0

[Event "ZL-2014-0-01533"]
[Site "LSS email"]
[Date "2014.10.22"]
[Round "?"]
[White "Lenz, Juergen"]
[Black "Soerensen, Sabrina"]
[Result "0-1"]
[WhiteElo "947"]
[BlackElo "1164"]
[PlyCount "48"]
[EventDate "2014.09.29"]
[EventType "match (corr)"]
[EventRounds "2"]
[EventCountry "GER"]
[SourceTitle "Corr 2015"]
[Source "ChessBase"]
[SourceDate "2015.07.17"]
[SourceVersion "1"]
[SourceVersionDate "2015.07.17"]
[SourceQuality "1"]

1. d4 d5 2. Nf3 Bf5 3. Bf4 e6 4. e3 Nf6 5. Bd3 Bxd3 6. cxd3 Nc6 7. 0-0 Bd6 8. Bg3 Bxg3 9. hxg3 0-0 10. Qb3 b6 11. Qa4 Ne7 12. Ne5 c5 13. dxc5 bxc5 14. Nd2 Qd6 15. Ndf3 Rfb8 16. Qa3 Ne8 17. d4 c4 18. Qc3 f6 19. Ng4 Qc6 20. Rfc1 Rb6 21. Rc2 Qb7 22. Rb1 Nd6 23. Nd2 Nb5 24. Qb4 Nxd4 0-1

[Event "LSS No Engine Cup 119 Preliminary 0"]
[Site "LSS email"]
[Date "2014.10.16"]
[Round "?"]
[White "Krebs, Hans Joachim"]
[Black "Soerensen, Sabrina"]
[Result "0-1"]
[WhiteElo "1708"]
[BlackElo "1600"]
[PlyCount "56"]
[EventDate "2014.10.17"]
[EventType "tourn (corr)"]
[EventRounds "6"]
[EventCountry "GER"]
[SourceTitle "Corr 2022"]
[Source "ChessBase"]
[SourceDate "2021.10.24"]
[SourceVersion "1"]
[SourceVersionDate "2021.10.24"]
[SourceQuality "1"]

1. e4 e5 2. Nf3 Nc6 3. d4 exd4 4. Bc4 Nf6 5. e5 d5 6. Bb5 Ne4 7. Nxd4 Bd7 8. Bxc6 bxc6 9. Be3 c5 10. Nb3 d4 11. Bf4 Ng5 12. c4 Ne6 13. Bd2 g6 14. 0-0 Bg7 15. f4 0-0 16. Qf3 f6 17. exf6 Rxf6 18. Na3 Rb8 19. g3 Rf7 20. Qe4 d3 21. Bc3 Nd4 22. Qxd3 Bg4 23. Bxd4 Rxb3 24. axb3 Bxd4+ 25. Kg2 Qa8+ 26. Rf3 Re7 27. Raf1 Re3 28. Qd1 Qe4 0-1

[Event "LSS No Engine Cup 119 Preliminary 0"]
[Site "LSS email"]
[Date "2014.10.16"]
[Round "?"]
[White "Soerensen, Sabrina"]
[Black "Buczinski, Henryk"]
[Result "1-0"]
[WhiteElo "1600"]
[BlackElo "1600"]
[PlyCount "65"]
[EventDate "2014.10.17"]
[EventType "tourn (corr)"]
[EventRounds "6"]
[EventCountry "GER"]
[SourceTitle "Corr 2022"]
[Source "ChessBase"]
[SourceDate "2021.10.24"]
[SourceVersion "1"]
[SourceVersionDate "2021.10.24"]
[SourceQuality "1"]

1. c4 e5 2. Nc3 Nc6 3. e3 Nf6 4. d4 exd4 5. exd4 d5 6. Nf3 Bg4 7. Be3 Bb4 8. a3 Bxc3+ 9. bxc3 0-0 10. Bd3 Re8 11. h3 Bh5 12. 0-0 dxc4 13. Bxc4 Ne4 14. Rc1 Qe7 15. a4 Na5 16. Bb5 c6 17. Bd3 b6 18. g4 Bg6 19. Re1 Rad8 20. Bg5 f6 21. Bf4 Qa3 22. Qc2 Nd6 23. Bxg6 hxg6 24. Qxg6 Nf7 25. g5 fxg5 26. Nxg5 Rxe1+ 27. Rxe1 Nxg5 28. Bxg5 Qxc3 29. Re7 Qxd4 30. Bh6 Qd1+ 31. Kg2 Qd5+ 32. f3 Qa2+ 33. Kg3 1-0

[Event "LSS No Engine Cup 119 Preliminary 0"]
[Site "LSS email"]
[Date "2014.10.16"]
[Round "?"]
[White "Soerensen, Sabrina"]
[Black "Wakeham, Marc R"]
[Result "1-0"]
[WhiteElo "1600"]
[BlackElo "1096"]
[PlyCount "55"]
[EventDate "2014.10.17"]
[EventType "tourn (corr)"]
[EventRounds "6"]
[EventCountry "GER"]
[SourceTitle "Corr 2022"]
[Source "ChessBase"]
[SourceDate "2021.10.24"]
[SourceVersion "1"]
[SourceVersionDate "2021.10.24"]
[SourceQuality "1"]

1. c4 e5 2. Nc3 Nf6 3. Nf3 Nc6 4. e4 Bb4 5. d3 0-0 6. a3 Bxc3+ 7. bxc3 d6 8. Be2 Ne7 9. 0-0 Bg4 10. Rb1 b6 11. h3 Bxf3 12. Bxf3 c5 13. Bg5 Nd7 14. Bg4 h6 15. Be3 Nf6 16. Be2 Nc6 17. f4 Nd7 18. f5 Nf6 19. Qe1 a6 20. Qh4 Nh7 21. f6 Nxf6 22. Bxh6 Nh7 23. Qg4 g6 24. Bxf8 Qxf8 25. Qd7 Na5 26. Rxb6 Ng5 27. Rxd6 Ne6 28. Rxe6 1-0

[Event "CP-2014-P-00067"]
[Site "LSS email"]
[Date "2014.09.30"]
[Round "?"]
[White "Soerensen, Sabrina"]
[Black "Grabowski, Benedykt"]
[Result "0-1"]
[WhiteElo "1550"]
[BlackElo "1906"]
[PlyCount "56"]
[EventDate "2014.10.01"]
[EventType "tourn (corr)"]
[EventRounds "6"]
[EventCountry "GER"]
[SourceTitle "Corr 2022"]
[Source "ChessBase"]
[SourceDate "2021.10.24"]
[SourceVersion "1"]
[SourceVersionDate "2021.10.24"]
[SourceQuality "1"]

1. c4 e5 2. Nc3 Nf6 3. Nf3 Nc6 4. e3 Bb4 5. d4 exd4 6. exd4 d5 7. Bd3 Bg4 8. 0-0 0-0 9. Be3 Re8 10. Rc1 dxc4 11. Bxc4 Qd6 12. h3 Bh5 13. Nb5 Qd7 14. d5 Bxf3 15. dxc6 Qxd1 16. Rfxd1 Bxd1 17. Nxc7 Rxe3 18. fxe3 Rb8 19. Rxd1 Ba5 20. Nd5 Nxd5 21. Rxd5 Bb6 22. Kf2 bxc6 23. Rd7 Rf8 24. b4 g5 25. Kf3 Kh8 26. Re7 f5 27. a4 a5 28. Rb7 Bd8 0-1

[Event "CP-2014-P-00067"]
[Site "LSS email"]
[Date "2014.09.30"]
[Round "?"]
[White "Soerensen, Sabrina"]
[Black "Sabbatini, Giuseppe"]
[Result "0-1"]
[WhiteElo "1550"]
[BlackElo "1724"]
[PlyCount "55"]
[EventDate "2014.10.01"]
[EventType "tourn (corr)"]
[EventRounds "6"]
[EventCountry "GER"]
[SourceTitle "Corr 2022"]
[Source "ChessBase"]
[SourceDate "2021.10.24"]
[SourceVersion "1"]
[SourceVersionDate "2021.10.24"]
[SourceQuality "1"]

1. c4 e5 2. Nc3 Nf6 3. Nf3 Nc6 4. d3 Bb4 5. e4 Bxc3+ 6. bxc3 h6 7. Be2 d6 8. 0-0 b6 9. Ne1 Ne7 10. f4 exf4 11. Bxf4 Ng6 12. Bd2 Bd7 13. Nc2 Ba4 14. Qb1 Bxc2 15. Qxc2 0-0 16. Rf2 Re8 17. Raf1 Re6 18. d4 Qe7 19. c5 Rf8 20. Bc4 Rxe4 21. Rxf6 gxf6 22. cxd6 cxd6 23. Bd5 Re8 24. Bxe4 Qxe4 25. Qxe4 Rxe4 26. Bxh6 Rh4 27. Bd2 Kg7 28. Rf5 0-1

[Event "IECC CL0-2014.00 email"]
[Site "IECC email"]
[Date "2014.09.29"]
[Round "?"]
[White "Soerensen, Sabrina"]
[Black "Batres Bianchi, Luis Carlos"]
[Result "1-0"]
[WhiteElo "1164"]
[BlackElo "1151"]
[PlyCount "49"]
[EventDate "2014.09.03"]
[EventType "tourn (corr)"]
[EventRounds "4"]
[SourceTitle "Corr 2022"]
[Source "ChessBase"]
[SourceDate "2021.10.24"]
[SourceVersion "1"]
[SourceVersionDate "2021.10.24"]
[SourceQuality "1"]

1. c4 Nf6 2. d4 b6 3. Nc3 Bb7 4. Qc2 g6 5. e4 Bg7 6. Nf3 0-0 7. Be2 d6 8. 0-0 Nbd7 9. Rd1 Re8 10. e5 dxe5 11. dxe5 Ng4 12. e6 fxe6 13. Ng5 Ngf6 14. Nxe6 Qc8 15. Bf4 Ne5 16. Nxg7 Kxg7 17. Bxe5 Kg8 18. Nb5 Ng4 19. Bg3 e5 20. Bxg4 Qxg4 21. Nxc7 Be4 22. Qa4 Rec8 23. Nxa8 Bxa8 24. Qd7 Qxc4 25. Bxe5 1-0

[Event "IECC CL0-2014.00 email"]
[Site "IECC email"]
[Date "2014.09.27"]
[Round "?"]
[White "Miquel Badenes, Jose"]
[Black "Soerensen, Sabrina"]
[Result "0-1"]
[WhiteElo "1195"]
[BlackElo "1164"]
[PlyCount "42"]
[EventDate "2014.09.03"]
[EventType "tourn (corr)"]
[EventRounds "4"]
[SourceTitle "Corr 2022"]
[Source "ChessBase"]
[SourceDate "2021.10.24"]
[SourceVersion "1"]
[SourceVersionDate "2021.10.24"]
[SourceQuality "1"]

1. d4 Nf6 2. Nf3 e6 3. e3 d5 4. Bd3 c5 5. c3 Be7 6. Nbd2 b6 7. e4 0-0 8. e5 Nfd7 9. Qe2 a5 10. 0-0 Ba6 11. Bxa6 Nxa6 12. h3 Qc7 13. Re1 Rfc8 14. Nf1 cxd4 15. Nxd4 a4 16. a3 Nac5 17. Bf4 Nb3 18. Nxb3 axb3 19. Qg4 Ra4 20. Re3 g5 21. Rg3 Kh8 0-1

[Event "SF-2014-0-00252"]
[Site "LSS email"]
[Date "2014.09.23"]
[Round "?"]
[White "Lombardi, Donato"]
[Black "Soerensen, Sabrina"]
[Result "1-0"]
[WhiteElo "783"]
[BlackElo "1164"]
[PlyCount "47"]
[EventDate "2014.08.25"]
[EventType "tourn (corr)"]
[EventRounds "6"]
[EventCountry "GER"]
[SourceTitle "Corr 2015"]
[Source "ChessBase"]
[SourceDate "2015.07.17"]
[SourceVersion "1"]
[SourceVersionDate "2015.07.17"]
[SourceQuality "1"]

1. e4 c5 2. d4 cxd4 3. Qxd4 e6 4. Nc3 Nc6 5. Qe3 Nf6 6. Nf3 d6 7. Bd3 Be7 8. 0-0 a6 9. Bd2 0-0 10. Rad1 b5 11. Rfe1 Ng4 12. Qe2 Bb7 13. h3 Nge5 14. Nxe5 Nxe5 15. f4 Nxd3 16. cxd3 b4 17. Nb1 d5 18. a3 bxa3 19. bxa3 Bh4 20. Rf1 dxe4 21. dxe4 Qd4+ 22. Be3 Qxe3+ 23. Qxe3 Bc6 24. Rc1 1-0

[Event "SF-2014-0-00251"]
[Site "LSS email"]
[Date "2014.09.22"]
[Round "?"]
[White "Kudela, Pavel"]
[Black "Soerensen, Sabrina"]
[Result "0-1"]
[WhiteElo "1047"]
[BlackElo "1164"]
[PlyCount "60"]
[EventDate "2014.08.20"]
[EventType "tourn (corr)"]
[EventRounds "6"]
[EventCountry "GER"]
[SourceTitle "Corr 2015"]
[Source "ChessBase"]
[SourceDate "2015.07.17"]
[SourceVersion "1"]
[SourceVersionDate "2015.07.17"]
[SourceQuality "1"]

1. d4 d5 2. c4 e6 3. Nf3 Nf6 4. Nc3 Be7 5. e3 0-0 6. Be2 dxc4 7. 0-0 a6 8. a4 c5 9. Bxc4 Nc6 10. d5 Nxd5 11. Nxd5 exd5 12. Bxd5 Qd6 13. Ng5 Nb4 14. Bxf7+ Rxf7 15. Nxf7 Kxf7 16. Qh5+ Qg6 17. Qxg6+ Kxg6 18. Bd2 Nd3 19. Bc3 Be6 20. f4 c4 21. Rf3 Bg4 22. f5+ Kg5 23. Rff1 Bc5 24. Bd4 Bxd4 25. exd4 Be2 26. Rfe1 Re8 27. Rad1 Kxf5 28. b3 Nxe1 29. Rxe1 cxb3 30. d5 Bb5 0-1

[Event "SF-2014-0-00251"]
[Site "LSS email"]
[Date "2014.09.22"]
[Round "?"]
[White "Shim Ng Min, Francis"]
[Black "Soerensen, Sabrina"]
[Result "0-1"]
[WhiteElo "1109"]
[BlackElo "1164"]
[PlyCount "46"]
[EventDate "2014.08.20"]
[EventType "tourn (corr)"]
[EventRounds "6"]
[EventCountry "GER"]
[SourceTitle "Corr 2015"]
[Source "ChessBase"]
[SourceDate "2015.07.17"]
[SourceVersion "1"]
[SourceVersionDate "2015.07.17"]
[SourceQuality "1"]

1. e4 c5 2. Nf3 d6 3. d4 cxd4 4. Nxd4 Nf6 5. Nc3 e5 6. Bb5+ Nbd7 7. Nf5 a6 8. Bxd7+ Qxd7 9. Bg5 Nxe4 10. Nxg7+ Bxg7 11. Nxe4 0-0 12. 0-0 f6 13. Be3 d5 14. Nc5 Qc6 15. c3 b6 16. Nb3 Bb7 17. Qf3 f5 18. Rfc1 f4 19. Bd2 Qg6 20. h3 a5 21. a4 Bc8 22. Qxd5+ Be6 23. Qf3 e4 0-1

[Event "SF-2014-0-00252"]
[Site "LSS email"]
[Date "2014.09.22"]
[Round "?"]
[White "Soerensen, Sabrina"]
[Black "Miquel Badenes, Jose"]
[Result "1-0"]
[WhiteElo "1164"]
[BlackElo "1053"]
[PlyCount "55"]
[EventDate "2014.08.25"]
[EventType "tourn (corr)"]
[EventRounds "6"]
[EventCountry "GER"]
[SourceTitle "Corr 2015"]
[Source "ChessBase"]
[SourceDate "2015.07.17"]
[SourceVersion "1"]
[SourceVersionDate "2015.07.17"]
[SourceQuality "1"]

1. c4 Nf6 2. d4 d5 3. Nc3 c6 4. e3 e6 5. Nf3 Bd6 6. Bd3 0-0 7. 0-0 h6 8. Re1 Nbd7 9. cxd5 exd5 10. b3 Re8 11. Qc2 Nf8 12. h3 Be6 13. Bb2 Rc8 14. Na4 Bb4 15. Bc3 Bxc3 16. Nxc3 a6 17. b4 Qd7 18. Na4 Qc7 19. Nc5 N6d7 20. Rec1 Nxc5 21. bxc5 Qe7 22. Rab1 Rc7 23. Rb6 Nd7 24. Rb3 Qf6 25. Rcb1 Bxh3 26. Rxb7 Rec8 27. gxh3 Qxf3 28. Bf5 1-0

[Event "SF-2014-0-00250"]
[Site "LSS email"]
[Date "2014.09.18"]
[Round "?"]
[White "Soerensen, Sabrina"]
[Black "Shim Ng Min, Francis"]
[Result "1-0"]
[WhiteElo "1164"]
[BlackElo "1113"]
[PlyCount "49"]
[EventDate "2014.08.15"]
[EventType "tourn (corr)"]
[EventRounds "6"]
[EventCountry "GER"]
[SourceTitle "Corr 2015"]
[Source "ChessBase"]
[SourceDate "2015.07.17"]
[SourceVersion "1"]
[SourceVersionDate "2015.07.17"]
[SourceQuality "1"]

1. c4 Nf6 2. d4 e6 3. Nc3 Bb4 4. Nf3 c5 5. e3 0-0 6. Be2 d5 7. 0-0 Nc6 8. a3 Bxc3 9. bxc3 cxd4 10. cxd4 dxc4 11. Bxc4 Qc7 12. Bd3 e5 13. Qc2 h6 14. Nxe5 Bd7 15. f4 Rac8 16. Bd2 Qd8 17. Qb2 b6 18. Rac1 Nxe5 19. fxe5 Nd5 20. e4 Ne7 21. Rxc8 Bxc8 22. Bb4 Qd7 23. d5 Bb7 24. Bd6 Rd8 25. Rxf7 1-0

[Event "SN-2014-0-00624"]
[Site "LSS email"]
[Date "2014.09.13"]
[Round "?"]
[White "Soerensen, Sabrina"]
[Black "Vontina, Maria"]
[Result "1-0"]
[WhiteElo "1164"]
[BlackElo "612"]
[PlyCount "43"]
[EventDate "2014.08.23"]
[EventType "tourn (corr)"]
[EventRounds "6"]
[EventCountry "GER"]
[SourceTitle "Corr 2015"]
[Source "ChessBase"]
[SourceDate "2015.07.17"]
[SourceVersion "1"]
[SourceVersionDate "2015.07.17"]
[SourceQuality "1"]

1. c4 Nf6 2. d4 g6 3. Nc3 Bg7 4. e4 d6 5. Bd3 0-0 6. Nge2 Nc6 7. 0-0 e5 8. d5 Nb8 9. f3 Ne8 10. Be3 a6 11. Qd2 f5 12. f4 fxe4 13. Bxe4 exf4 14. Nxf4 Nf6 15. Rae1 Nxe4 16. Nxe4 Qe7 17. Bd4 Qd8 18. Bxg7 Kxg7 19. Qd4+ Kg8 20. Nh5 Rxf1+ 21. Rxf1 gxh5 22. Nf6+ 1-0

[Event "SN-2014-0-00624"]
[Site "LSS email"]
[Date "2014.09.12"]
[Round "?"]
[White "Soerensen, Sabrina"]
[Black "Lenz, Juergen"]
[Result "1-0"]
[WhiteElo "1164"]
[BlackElo "905"]
[PlyCount "49"]
[EventDate "2014.08.23"]
[EventType "tourn (corr)"]
[EventRounds "6"]
[EventCountry "GER"]
[SourceTitle "Corr 2015"]
[Source "ChessBase"]
[SourceDate "2015.07.17"]
[SourceVersion "1"]
[SourceVersionDate "2015.07.17"]
[SourceQuality "1"]

1. c4 e5 2. d4 exd4 3. Nf3 c5 4. e3 d5 5. cxd5 Qxd5 6. Nc3 Qd8 7. exd4 cxd4 8. Bb5+ Nc6 9. Nxd4 Nge7 10. 0-0 Bd7 11. Bxc6 Nxc6 12. Re1+ Be7 13. Nd5 Be6 14. Nxe6 fxe6 15. Rxe6 0-0 16. Nxe7+ Nxe7 17. Qxd8 Raxd8 18. Bg5 Rf5 19. Bxe7 Rd2 20. f3 Kf7 21. Re4 Rxb2 22. Ba3 Rd2 23. Re7+ Kg6 24. Rxb7 Ra5 25. Bb2 1-0

[Event "SN-2014-0-00624"]
[Site "LSS email"]
[Date "2014.09.10"]
[Round "?"]
[White "Soerensen, Sabrina"]
[Black "Raines, David T"]
[Result "1-0"]
[WhiteElo "1164"]
[BlackElo "978"]
[PlyCount "33"]
[EventDate "2014.08.23"]
[EventType "tourn (corr)"]
[EventRounds "6"]
[EventCountry "GER"]
[SourceTitle "Corr 2015"]
[Source "ChessBase"]
[SourceDate "2015.07.17"]
[SourceVersion "1"]
[SourceVersionDate "2015.07.17"]
[SourceQuality "1"]

1. c4 e5 2. Nc3 d6 3. e3 Nf6 4. Be2 Be7 5. Nf3 Nc6 6. 0-0 0-0 7. d4 e4 8. Nd2 Bf5 9. a3 Re8 10. g4 Bg6 11. Qb3 Rb8 12. Qa4 a6 13. Qd1 Bf8 14. d5 Ne5 15. g5 Nf3+ 16. Bxf3 Nd7 17. Ndxe4 1-0

[Event "OP-2014-0-03478"]
[Site "LSS email"]
[Date "2014.08.23"]
[Round "?"]
[White "Soerensen, Sabrina"]
[Black "Obrien, Glenn"]
[Result "1-0"]
[WhiteElo "1164"]
[BlackElo "1374"]
[PlyCount "77"]
[EventDate "2014.08.19"]
[EventType "tourn (corr)"]
[EventRounds "4"]
[EventCountry "GER"]
[SourceTitle "Corr 2022"]
[Source "ChessBase"]
[SourceDate "2021.10.24"]
[SourceVersion "1"]
[SourceVersionDate "2021.10.24"]
[SourceQuality "1"]

1. c4 e5 2. Nc3 Nf6 3. Nf3 Nc6 4. e3 Bb4 5. d4 exd4 6. exd4 d5 7. Bd3 0-0 8. 0-0 Bg4 9. Be3 Re8 10. Rc1 dxc4 11. Bxc4 Qd6 12. Qb3 Bxf3 13. Bxf7+ Kh8 14. gxf3 Re7 15. Nd5 Rxf7 16. Nxb4 Nxb4 17. Qxf7 Nbd5 18. Rc5 Rf8 19. Rxd5 Nxd5 20. Qh5 Nxe3 21. fxe3 Qe6 22. Qe5 Qxa2 23. Qxc7 Qxb2 24. Qe7 Kg8 25. Qe6+ Kh8 26. d5 Qb5 27. d6 Re8 28. Qf7 Qg5+ 29. Kh1 Qxe3 30. d7 Rb8 31. Rg1 Qe5 32. Rg5 Qa1+ 33. Kg2 Qb2+ 34. Kh3 h6 35. Rc5 Kh7 36. Rc8 Qb1 37. Qg8+ Kg6 38. Qe6+ Kh7 39. Qe4+ 1-0

[Event "OP-2014-0-03478"]
[Site "LSS email"]
[Date "2014.08.22"]
[Round "?"]
[White "Soerensen, Sabrina"]
[Black "Cole, Steve"]
[Result "1-0"]
[WhiteElo "1164"]
[BlackElo "1449"]
[PlyCount "53"]
[EventDate "2014.08.19"]
[EventType "tourn (corr)"]
[EventRounds "4"]
[EventCountry "GER"]
[SourceTitle "Corr 2022"]
[Source "ChessBase"]
[SourceDate "2021.10.24"]
[SourceVersion "1"]
[SourceVersionDate "2021.10.24"]
[SourceQuality "1"]

1. c4 g6 2. d4 Bg7 3. e4 d6 4. Nc3 Nd7 5. Nf3 e5 6. Be2 Ne7 7. Bg5 h6 8. Be3 0-0 9. dxe5 Nxe5 10. Nxe5 dxe5 11. Qxd8 Rxd8 12. Nb5 Bd7 13. Nxc7 Rac8 14. Nb5 Bxb5 15. cxb5 Rc2 16. Bd1 Rxb2 17. Bb3 Rd3 18. 0-0 Nc8 19. Bc1 Rbxb3 20. axb3 Rxb3 21. Rd1 Rc3 22. Rd8+ Kh7 23. Rd7 Rc4 24. Be3 b6 25. Rc1 Rxc1+ 26. Bxc1 f6 27. Ba3 1-0

[Event "SN-2014-0-00619"]
[Site "LSS email"]
[Date "2014.08.22"]
[Round "?"]
[White "Soerensen, Sabrina"]
[Black "Huseby, Juan Carlos"]
[Result "1-0"]
[WhiteElo "1164"]
[BlackElo "445"]
[PlyCount "41"]
[EventDate "2014.08.04"]
[EventType "tourn (corr)"]
[EventRounds "6"]
[EventCountry "GER"]
[SourceTitle "Corr 2015"]
[Source "ChessBase"]
[SourceDate "2015.07.17"]
[SourceVersion "1"]
[SourceVersionDate "2015.07.17"]
[SourceQuality "1"]

1. c4 Nf6 2. Nf3 Ne4 3. Qc2 d5 4. cxd5 Qxd5 5. Nc3 Bf5 6. Nxd5 Nd6 7. Nxc7+ Kd7 8. d3 Nc6 9. Nxa8 Kc8 10. Ne5 Bd7 11. g3 f6 12. Nxc6 Bxc6 13. Bg2 Kb8 14. Bxc6 Kxa8 15. Bd5 e5 16. Be3 Be7 17. Rc1 Kb8 18. Qc7+ Ka8 19. Bxb7+ Nxb7 20. Qc8+ Rxc8 21. Rxc8# 1-0

[Event "SN-2014-0-00620"]
[Site "LSS email"]
[Date "2014.08.22"]
[Round "?"]
[White "Soerensen, Sabrina"]
[Black "Lenz, Juergen"]
[Result "1-0"]
[WhiteElo "1164"]
[BlackElo "947"]
[PlyCount "43"]
[EventDate "2014.08.08"]
[EventType "tourn (corr)"]
[EventRounds "6"]
[EventCountry "GER"]
[SourceTitle "Corr 2015"]
[Source "ChessBase"]
[SourceDate "2015.07.17"]
[SourceVersion "1"]
[SourceVersionDate "2015.07.17"]
[SourceQuality "1"]

1. c4 e5 2. Nc3 Nc6 3. g3 g6 4. e3 Bg7 5. Nge2 Nge7 6. Bg2 h5 7. 0-0 h4 8. d4 exd4 9. exd4 d6 10. Bg5 f6 11. Be3 Nf5 12. Nf4 g5 13. Nh5 Kf8 14. g4 Nfe7 15. f4 Kg8 16. fxg5 fxg5 17. Nxg7 Kxg7 18. Bxg5 Qe8 19. Qd2 Ng8 20. Rae1 Qd7 21. Bf6+ Nxf6 22. Qg5+ 1-0

[Event "OP-2014-0-03475"]
[Site "LSS email"]
[Date "2014.08.21"]
[Round "?"]
[White "Soerensen, Sabrina"]
[Black "Firnhaber, Ingo"]
[Result "0-1"]
[WhiteElo "1164"]
[BlackElo "2385"]
[PlyCount "84"]
[EventDate "2014.08.16"]
[EventType "tourn (corr)"]
[EventRounds "4"]
[EventCountry "GER"]
[SourceTitle "Corr 2015"]
[Source "ChessBase"]
[SourceDate "2015.07.17"]
[SourceVersion "1"]
[SourceVersionDate "2015.07.17"]
[SourceQuality "1"]

1. c4 Nf6 2. d4 e6 3. Nc3 Bb4 4. e3 0-0 5. Bd3 c5 6. Nge2 d5 7. cxd5 cxd4 8. exd4 Nxd5 9. 0-0 Nc6 10. a3 Bd6 11. Nxd5 exd5 12. Be3 Re8 13. Rc1 Qh4 14. g3 Qh5 15. Re1 Bg4 16. Qb3 Rab8 17. Nc3 Bf3 18. Bf1 a6 19. Bg2 Bxg2 20. Kxg2 Ne7 21. Bd2 Red8 22. Ne2 Nc6 23. Nf4 Qf5 24. Be3 Ne7 25. Nd3 Ng6 26. f4 Nf8 27. Nf2 h6 28. Qd3 Qd7 29. h3 Nh7 30. Ng4 Rdc8 31. Ne5 Qe7 32. g4 Nf6 33. Bf2 Ne4 34. Rxc8+ Rxc8 35. Re2 b5 36. Rc2 Qb7 37. Rxc8+ Qxc8 38. Qd1 h5 39. Be3 hxg4 40. hxg4 g6 41. g5 Bb8 42. Qe2 Bxe5 0-1

[Event "OP-2014-0-03475"]
[Site "LSS email"]
[Date "2014.08.21"]
[Round "?"]
[White "Vlasov, Aleksandr Sergeevic"]
[Black "Soerensen, Sabrina"]
[Result "0-1"]
[WhiteElo "1369"]
[BlackElo "1164"]
[PlyCount "80"]
[EventDate "2014.08.16"]
[EventType "tourn (corr)"]
[EventRounds "4"]
[EventCountry "GER"]
[SourceTitle "Corr 2015"]
[Source "ChessBase"]
[SourceDate "2015.07.17"]
[SourceVersion "1"]
[SourceVersionDate "2015.07.17"]
[SourceQuality "1"]

1. c4 e5 2. Nc3 Bb4 3. a3 Bxc3 4. bxc3 d6 5. e3 e4 6. Ne2 Nf6 7. Ng3 Nbd7 8. Qc2 Nc5 9. a4 0-0 10. Ba3 Re8 11. Be2 Bd7 12. Bxc5 dxc5 13. 0-0 Bc6 14. d4 exd3 15. Bxd3 g6 16. h3 a5 17. Rfd1 Qe7 18. Be2 b6 19. Rd2 Rad8 20. Rad1 Rxd2 21. Rxd2 Qe6 22. Qd1 h5 23. Bf3 Bxf3 24. Qxf3 h4 25. Ne2 Ne4 26. Rd5 Qc6 27. Qf4 Qxa4 28. Qxh4 Qxc4 29. Rd8 Rxd8 30. Qxd8+ Kg7 31. Nf4 a4 32. Qxc7 a3 33. Qe5+ Kh7 34. Nd5 a2 35. f3 a1Q+ 36. Kh2 Qcf1 37. Qxe4 Qf2 38. Nf6+ Kg7 39. Nh5+ Kf8 40. Nf4 Qag1# 0-1